| 000 | 00402nam a22001337a 4500 | ||
|---|---|---|---|
| 082 |
_a940.54 _bGRA _cD |
||
| 100 |
_agraves Philip _950012 |
||
| 245 |
_aA Record of the war The fourth quarter june 27--september 29, 1940 _bPhilip graves |
||
| 260 |
_alondon and melbourne _bhutcbinson&co |
||
| 300 | _a ix ,381p.; | ||
| 526 |
_a0 _b0 _c0 _d940_540000000000000_GRA |
||
| 650 |
_amce _9379 |
||
| 942 |
_2ddc _cBK |
||
| 999 |
_c552745 _d552745 |
||